It looks like you're offline.
Open Library logo
additional options menu

MARC record from Internet Archive

LEADER: 00650nam a22002418a 4500
001 2010029989
003 DLC
005 20100722104229.0
008 100722s2010 nyu 000 1 eng
010 $a 2010029989
020 $a9781439133941 (hc)
040 $aDLC$cDLC
050 00 $aPS3552.U397$bC79 2010
082 00 $a813/.54$222
100 1 $aBujold, Lois McMaster.
245 10 $aCryoburn /$cLois McMaster Bujold.
260 $aRiverdale, NY :$bBaen Books,$c2010.
263 $a1011
300 $ap. cm.
650 0 $aLife on other planets$vFiction.
650 0 $aImmortalism$vFiction.
650 0 $aCryonics$vFiction.
655 7 $aScience fiction.$2gsafd